Score 0/20 Timer 04:00
1 Play Today
Hint Answer % Correct
Middle NameDelano
96.7%
Number of Times Elected to PresidencyFour
96.3%
Political PartyDemocratic
95%
Year Died1945
89.8%
Disease Diagnosed with at 39Polio
89.4%
Succeeded byHarry S. Truman
88.3%
State BornNew York
86.6%
SpouseEleanor Roosevelt
86%
Name of Program to Restart US EconomyNew Deal
84.6%
Preceded byHerbert Hoover
83.5%
Hint Answer % Correct
University AttendedHarvard University
78.7%
ReligionEpiscopal
76.2%
Name of Presidential Radio Addresses (1933-1944)Fireside Chats
67.9%
Year Born1882
62.5%
Number of Presidents Related toEleven
62.5%
Children (name one)James
55.7%
He Collected 25,000 of TheseStamps
48%
Place of BurialHyde Park
31.4%
Zodiac SignAquarius
25.6%
Secretary of Labor (First Female Cabinet Member)Frances Perkins
20.4%
Remove Ads.
Support Sporcle.
Get the best of Sporcle when you Go Orange. This ad-free experience offers more features, more stats, and more fun while also helping to support Sporcle. Thank you for becoming a member.

You're not logged in!

Compare scores with friends on all Sporcle quizzes.
OR
Log In

Show Comments

Extras

Top Quizzes Today


Score Distribution

Your Account Isn't Verified!

In order to create a playlist on Sporcle, you need to verify the email address you used during registration. Go to your Sporcle Settings to finish the process.

Report this User

Report this user for behavior that violates our Community Guidelines.

Details: